Former Nations/States - Part 10: Southern Africa - Statistics

General Stats
  • This quiz has been taken 4 times
  • The average score is 7 of 29
Answer Stats
Modern Day Country Time Period Answer % Correct
Zimbabwe 1965 – 1979 AD Rhodesia
100%
South Africa 1843 – 1910 AD Natal
67%
South Africa 1854 – 1902 AD Orange Free State
67%
South Africa 1852 – 1902 AD South African Republic
67%
South Africa 1910 – 1961 AD Union of South Africa
67%
South Africa 1977 – 1994 AD Bophuthatswana
33%
South Africa 1981 – 1994 AD Ciskei
33%
Zimbabwe 1220 – 1450 AD Great Zimbabwe
33%
Zimbabwe 1430 – 1760 AD Mutapa
33%
South Africa 1882 – 1883 AD Republic of Stellaland
33%
South Africa 1976 – 1994 AD Transkei
33%
South Africa 1883 – 1885 AD United States of Stellaland
33%
South Africa 1979 – 1994 AD Venda
33%
South Africa 1816 – 1897 AD Zulu Kingdom
33%
Zimbabwe 1824 – 1895 AD Gaza Empire
0%
Namibia 1780 – 1894 AD Gciriku
0%
South Africa 1795 – 1796 AD Graaff-Reinet
0%
South Africa 1862 – 1874 AD Griqualand East
0%
Zambia 1740 – 1894 AD Kazembe Kingdom
0%
Zambia 1800 - 1900 AD Kingdom of Barotseland
0%
Zimbabwe 1450 – 1683 AD Kingdom of Butua
0%
Zimbabwe 1823 – 1894 AD Kingdom of Mthwakazi
0%
South Africa 1075 – 1220 AD Mapungubwe
0%
South Africa 1780 – 1817 AD Mthethwa Empire
0%
South Africa 1882 – 1883 AD Natalia Republic
0%
South Africa 1884 – 1888 AD Nieuwe Republiek
0%
Namibia 1885 – 1887 AD Republic of Upingtonia
0%
Zimbabwe 1660 – 1889 AD Rozvi Empire
0%
South Africa 1795 AD Swellendam
0%
No matching quizzes found
Score Distribution
Percent of People with Each Score
Percentile by Number Answered
Your Score History
You have not taken this quiz